000
00294nam a22001337a 4500
008
171005b xxu||||| |||| 00| 0 eng d
020
_a
0876302525
041
_a
eng
080
_a
519.9
100
_a
49
101
_a
PSI
245
_a
LEVELS OF SCHIZOPHRENIA
_c
SCHEFLEN,A.E
942
_2
udc
_c
BK
999
_c
31923
_d
31923